000
00317nam a22001337a 4500
020
_a
9789350142462
082
_a
629.892 GOY
100
_a
Khushdeep Goyal
245
_a
Automation and robotics
260
_a
New Delhi
_b
S. K. Kataria & Sons
_c
2013
300
_a
286p.
_b
24cm.
700
_a
Deepak Bhandari
942
_c
BK
999
_c
13325
_d
13325